000
00244nam a2200109Ia 4500
008
190914s9999||||xx |||||||||||||| ||und||
100
_a
Rudyard Kipling
245
0
_a
Kim
260
_a
New Delhi
_b
Bantam Books
_c
2001
300
_a
122
942
_c
BK
999
_c
9067
_d
9067